000 00719nam a2200241Ia 4500
999 _c50874
_d50874
001 17829
003 GE_BSU
005 20221114115736.0
008 181216s2012 xx |||||||||||||| || ||
020 _a9781408267196x
040 _cGE_BSU
041 _aeng
080 _a811.111(075.8) C-87
100 _aClace, A.
_97451
245 _aTotal English. Pre-Intermediate. Students book. CD :
_bNew. Students book. /
_cA. Clace ; R. Acklam
264 _aEdinburg :
_bPearson,
_c2012.
300 _a160 p. :
_b ill ;
_c28 cm.
_e+CD
653 _aStudents book.
653 _aTotal English. Pre-Intermediate.
653 _aინგლისური ენა
700 _aAcklam, R.
_97452
942 _cBK
_2udc